• 首页
  • 本馆介绍
  • 公告通知
  • 最新文献
  • 馆藏检索
  • 电子资源
  • 读者导购
  • 参考咨询
  • 我的图书馆
  • 登录
  • 详细信息显示
  • 放入我的书架
  • 预约/预借图书
  • 作者相关作品
  • 分类相关作品
  • 丛书相关作品
  • 出版社相关作品

书目信息

  • 表格格式
  • 工作单格式
  • 卡片格式
题名:
商业银行战略转型通论
    
 
作者: 徐学敏 著
分册:  
出版信息: 北京   中国财政经济出版社  2008.12
页数: 325页
开本: 24cm
丛书名:
单 册:
中图分类: F832.33
科图分类:
主题词: 商业银行--体制改革--研究--中国 , 商业银行 , 体制改革
电子资源:
ISBN: 978-7-5095-1174-9
000 00993nam0 2200253 45
005 20100303111448.40
010    @a978-7-5095-1174-9@dCNY45.00
100    @a20100121d2008 ekmy0chiy0120 ea
101 0  @achi
102    @aCN@b110000
105    @ay z 000yy
106    @ar
200 1  @a商业银行战略转型通论@AShang Ye Yin Xing Zhan Lue Zhuan Xing Tong Lun@dThe general theory of strategic transformation of commercial bank@f徐学敏著@FXu Xue Min Zhu@zeng
210    @a北京@c中国财政经济出版社@d2008.12
215    @a325页@d24cm
330    @a全书共13章,分别介绍了中国商业银行的成长历程回顾、中国商业银行生存状态分析、外资银行的生存状态分析、中国商业银行面临的经营环境与挑战等。
510 1  @aThe general theory of strategic transformation of commercial bank@zeng
606 0  @a商业银行@x体制改革@x研究@y中国
606 0  @a商业银行
606 0  @a体制改革
690    @aF832.33@v4
701  0 @a徐学敏@AXu Xue Min@4著
801  0 @aCN@bTANGWEI@c20100303
905    @b0584692-96@dF832.33@e58@f5
    
    商业银行战略转型通论=The general theory of strategic transformation of commercial bank/徐学敏著.-北京:中国财政经济出版社,2008.12
    325页;24cm
    
    
    ISBN 978-7-5095-1174-9:CNY45.00
    全书共13章,分别介绍了中国商业银行的成长历程回顾、中国商业银行生存状态分析、外资银行的生存状态分析、中国商业银行面临的经营环境与挑战等。
●
相关链接 在E读中查询图书 在五车中查询图书 在当当中查询图书 在豆瓣中查询图书


正题名:商业银行战略转型通论     索取号:F832.33/58         预约/预借

序号 登录号 条形码 馆藏地/架位号 状态 备注
1 0584692   205846922   第一样本阅览室/ [索取号:F832.33/58] 在馆    
2 0584693   205846931   第一借阅区/ [索取号:F832.33/58] 在馆    
3 0584694   205846940   第一借阅区/ [索取号:F832.33/58] 在馆    
4 0584695   205846959   密集书库-海洋学院/ [索取号:F832.33/58] 在馆    
5 0584696   205846968   第一借阅区/ [索取号:F832.33/58] 在馆    
唐山师范学院图书馆 欢迎您!
大连网信软件有限公司© 版权所有